000 005390000a22001810004500
003 MACL
005 20160607164445.0
008 160607b xxu||||| |||| 00| 0 eng d
040 _aMACL
_cMACL
041 _aHindi
082 _a920 SAH
100 _aसाहा, रणजीत
_948558
245 _aअमृतराय
_cरणजीत साहा
260 _bसाहित्‍य अकादेमी
_c2005
_aनई दिल्‍ली
350 _a25
650 _aBiography
_962867
942 _cHIN
_k920/SAH
_2ddc
999 _c18866
_d18866